La filosofía en la enseñanza media costarricense

Gespeichert in:
Bibliographische Detailangaben
1. Verfasser: Montero Martínez, Arnoldo
Format: Buch
Sprache:Undetermined
Veröffentlicht: San José, Costa Rica Escuela de Filosofía, Universidad de Costa Rica 1978
Schlagworte:
Tags: Tag hinzufügen
Keine Tags, Fügen Sie den ersten Tag hinzu!

MARC

LEADER 00000nam a2200000Ia 4500
008 170316s9999 xx 000 0 und d
040 |a cru BVZT 
090 |a TESIS 553 
100 |a Montero Martínez, Arnoldo 
245 |a La filosofía en la enseñanza media costarricense 
260 |a San José, Costa Rica 
260 |b Escuela de Filosofía, Universidad de Costa Rica 
260 |c 1978 
300 |a 290 páginas 
650 |a LICENCIATURA EN FILOSOFÍA 
650 |a TRABAJO FINAL DE GRADUACIÓN 
999 |c 14207  |d 14207 
942 |c TFG  |h TESIS 553  |2 z